000 00736 a2200253 4500
003 DLC
005 20260401135444.0
008 2024s2024 xx 000 0 eng d
020 _a9781119911708
040 _aDLC
_beng
050 4 _aKF639 .W55 2024
082 0 4 _a346.7304'32
100 1 _aWilson, Donald A.
_eauthor
245 1 0 _aBrown's boundary control and legal principles
_cDonald A. Wilson; C.A. Tony Nettleman; Walter G. Robillard
250 _a8th ed.
264 1 _bJohn Wiley & Sons
_c2024
300 _axviii, 542p. : ill.
336 _2CC
338 _2CC
650 0 _aBoundaries (Estates)
650 0 _aSurveying--Law and legislation--United States
650 0 _aReal property--United States
942 _2lcc
_cBK
999 _c44246
_d44246